Sur la falsification de la chicorée, dite café-chicorée / (Record no. 165912)

MARC details
000 -LEADER
campo de control de longitud fija 00897nam a22002175i 4500
001 - NÚMERO DE CONTROL
campo de control 165912
003 - IDENTIFICADOR DE NÚMERO DE CONTROL
campo de control ES-MaACL
005 - FECHA Y HORA DE LA ÚLTIMA TRANSACCIÓN
campo de control 20230906213228.0
008 - DATOS DE LONGITUD FIJA--INFORMACIÓN GENERAL
campo de control de longitud fija 050805s1849 fr | |||||||| ||fre d
040 ## - FUENTE DE CATALOGACIÓN
Centro catalogador/agencia de origen CAM
Lengua de catalogación spa
Centro/agencia transcriptor CAM
100 1# - ENTRADA PRINCIPAL--NOMBRE DE PERSONA
Nombre de persona Chevallier, Alphonse.
9 (RLIN) 155096
245 10 - MENCIÓN DEL TÍTULO
Título Sur la falsification de la chicorée, dite café-chicorée /
Mención de responsabilidad, etc. [A. Chevallier].
260 ## - PUBLICACIÓN, DISTRIBUCIÓN, ETC.
Lugar de publicación, distribución, etc. Paris :
Nombre del editor, distribuidor, etc. [s.n.,
Fecha de publicación, distribución, etc. 1849] (
Fabricante Imprimerie de L. Martinet)
300 ## - DESCRIPCIÓN FÍSICA
Extensión 19 p. ;
Dimensiones 20 cm.
594 ## - Nota al título y mención de responsabilidad
Nota al título y mención de responsabilidad Texto firmado por A. Chevallier.
595 ## -
-- Extraído de "Annales d'hygiène publique et de médecine légale, 1849", T. XLI.
650 #4 - PUNTO DE ACCESO ADICIONAL DE MATERIA--TÉRMINO DE MATERIA
Término de materia o nombre geográfico como elemento de entrada Achicoria.
9 (RLIN) 135491
650 #4 - PUNTO DE ACCESO ADICIONAL DE MATERIA--TÉRMINO DE MATERIA
Término de materia o nombre geográfico como elemento de entrada Café.
9 (RLIN) 135702
650 #4 - PUNTO DE ACCESO ADICIONAL DE MATERIA--TÉRMINO DE MATERIA
Término de materia o nombre geográfico como elemento de entrada Alimentos-
Subdivisión general Adulteración.
9 (RLIN) 148900
852 ## - LOCALIZACIÓN
Ubicación ES-MaACL
Número de control de estantería R-1366(5)
Nota libre -- Enc. hol.
-- -- Enc. en un vol. facticio, formando parte de la col. facticia: "Colección de memoria médicas"
-- .- Donat. Mateo Seoane
Holdings
Estatus retirado Estado de pérdida Estado de daño No para préstamo Colección Biblioteca de origen Biblioteca actual Ubicación en estantería Fecha de adquisición Total de préstamos Signatura topográfica completa Código de barras Visto por última vez Precio de reemplazo Tipo de ítem Koha
        Libros del s. XIX Biblioteca del Ateneo de Madrid Biblioteca del Ateneo de Madrid Depósito 17/01/2008   R-1366(5) 1173996 23/02/2023 23/02/2023 Libro impreso antiguo